National energy profiles
Uloženo v:
| Hlavní autor: | |
|---|---|
| Médium: | Kniha |
| Jazyk: | Undetermined |
| Vydáno: |
New York
CBS Educational and Professional Publishing
1981
|
| Témata: | |
| Tagy: |
Přidat tag
Žádné tagy, Buďte první, kdo otaguje tento záznam!
|
| Thư viện lưu trữ: | Trung tâm Học liệu Trường Đại học Cần Thơ |
|---|
| LEADER | 00505nam a2200181Ia 4500 | ||
|---|---|---|---|
| 001 | CTU_81512 | ||
| 008 | 210402s9999 xx 000 0 und d | ||
| 082 | |a 333.79 | ||
| 082 | |b S929 | ||
| 100 | |a Stunkel, Kennth R. | ||
| 245 | 0 | |a National energy profiles | |
| 245 | 0 | |c Kenneth R. Stunkel | |
| 260 | |a New York | ||
| 260 | |b CBS Educational and Professional Publishing | ||
| 260 | |c 1981 | ||
| 650 | |a Energy policy | ||
| 904 | |i Trọng Hải | ||
| 980 | |a Trung tâm Học liệu Trường Đại học Cần Thơ | ||